Quiz sullo Zimbabwe - Statistics

Statistiche generali
  • Questo quiz è stato fatto 363 volte
  • Il punteggio medio è 11 su 18
Statistiche sulle risposte
Hint Risposta % Corretto
Zambia
93%
Sudafrica
92%
Mozambico
88%
Paese dal cui ottenne l'indipendenza Regno Unito
88%
Paesi confinanti Botswana
87%
Capitale Harare
82%
Fiume che segna il confine a nord Z{ambesi}
78%
La maggior parte dello Zimbabwe è costituita da questo ecosistema di praterie (inizia con S) Savana
71%
Grande cascata su quel fiume Cascate {Vittoria}
66%
Fiume che segna il confine a sud L{impopo}
48%
Vecchio nome del paese durante il periodo coloniale Rhodesia del sud
45%
Nel 2009, a causa dell'iperinflazione, lo Zimbabwe ha stampato banconote con un incredibile valore nominale di ... 100.000 miliardi
42%
Nel 1975 questo gruppo di persone che rappresentava il 4,5% della popolazione dello Zimbabwe, ma oggi è inferiore allo 0,2% Bianchi
42%
Lo Zimbabwe ne ha sedici, più di qualsiasi altro paese dopo la Bolivia Lingue ufficiali
42%
Dittatore dello Zimbabwe dal 1980 al 2017 che ha governato fino all'età di 93 anni Robert Mugabe
42%
Antica città costruita nell'XI secolo, abbandonata nel XV {Grande} Zimbabwe
28%
Nome di questa città durante il periodo coloniale Salisbury
27%
Simbolo nazionale {Uccello} dello Zimbabwe
27%
Nessun quiz corrispondente trovato
Distribuzione punteggi
Percentuale di utenti per punteggio
Percentile per numero di risposta
I tuoi punteggi nel tempo
Non hai fatto questo quiz